00644nam a2200169 a 450000100100000000500170001000800410002704000250006808200150009310000330010824500880014126000390022930000200026804900090028895201600029799900170045700003150520240305090859.0110627s1918 dr 000 0 spa d aDO-SdBNPbspacBNPHU axxxbV496h1 aVerges, Pedro,d1945-91214910aHitos de la carrera militar del Generalísimo Trujillo /cPedro L. Vergés Vidal. a[Santo Domingo] :b[s.n],c[1918]. a12 p. ;c24 cm. aBNPD 001050718RVaPDbPDcCTd2011-06-27iLF1l0oxxx V496hp31505-10r2020-06-25w2020-06-25y1zPerteneció a la colección Martínez BoogZNo se presta c30997d30997